Statistics for Name That 1960's Rocker

Click here to take the quiz!

General Stats

  • This quiz has been taken 107 times
  • The average score is 9 of 13

Answer Stats

HintAnswer% Correct
John _____ (The Beatles)Lennon
99%
Jim _____ (The Doors)Morrison
99%
Mick _____ (The Rolling Stones)Jagger
98%
Davy _____ (The Monkees)Jones
89%
Brian _____ (The Beach Boys)Wilson
86%
Dave _____ (The Dave Clark Five)Clark
80%
Allan _____ (The Hollies)Clarke
80%
Roger _____ (The Who)Daltrey
72%
Ray _____ (The Kinks)Davies
70%
Steve _____ (The Spencer Davis Group)Winwood
55%
John _____ (The Mamas And The Papas)Phillips
52%
Rod _____ (The Zombies)Argent
26%
Keith _____ (The Yardbirds)Relf
20%

Score Distribution

Percentile by Number Answered

Percent of People with Each Score

Your Score History

You have not taken this quiz